Paesi più visitati dagli americani - Statistics

Statistiche generali
  • Questo quiz è stato fatto 206 volte
  • Il punteggio medio è 13 su 21
Statistiche sulle risposte
# Paesi % Corretto
2.03 Italia
99%
2.36 Francia
98%
1.31 Spagna
95%
12.5 Canada
93%
27.8 Messico
93%
1.77 Germania
92%
2.89 Regno Unito
92%
1.77 Cina
91%
0.885 Giappone
91%
1.08 India
75%
0.787 Irlanda
65%
1.51 Paesi Bassi
59%
0.557 Svizzera
59%
1.12 Bahamas
45%
0.639 Colombia
41%
2.79 Repubblica Dominicana
32%
1.51 Giamaica
29%
0.948 Costa Rica
26%
0.557 Israele
22%
0.820 Filippine
21%
0.557 Taiwan
12%
Nessun quiz corrispondente trovato
Distribuzione punteggi
Percentuale di utenti per punteggio
Percentile per numero di risposta
I tuoi punteggi nel tempo
Non hai fatto questo quiz